000 01343nam a2200253Ia 4500
999 _c55458
_d55458
001 22540
003 GE_BSU
005 20210406141836.0
008 181216s2016||||ge |||||||||||||| ||rus||
040 _cGE_BSU
041 _arus
080 _a82 Ш-37
100 _aШевалье, Роза
_911113
245 _aМетафизическое восприятие языковой картины мира посредством идиом английского, русского, грузинского и французского языков /
_cРоза Шевалье; Научн. руков. И. Гошхетелиани; Батумский гос. ун-т им. Шота Руставели. Департамент Европеистики.
264 _aБатуми,
_c2016.
300 _a140 стр.
_b30 см.
521 _aБибл. стр.:130-140
653 _aДиссертация
653 _aМетафизическое восприятие языковой картины мира посредством идиом английского, русского, грузинского и французского языков
653 _aЯзыкознание
653 _aდისერტაცია
700 _aГошхетелиани, И.
_eНаучн. руководитель
_910442
942 _cBK
_2udc